| 000 | 01738cam a2200409 a 4500 | ||
|---|---|---|---|
| 999 |
_c28711 _d28682 |
||
| 001 | 15010265 | ||
| 003 | EG-ScBUE | ||
| 005 | 20200913112057.0 | ||
| 008 | 070917t2008 maua f b 001 0 eng d | ||
| 020 | _a9780763751159 | ||
| 020 | _a0763751154 | ||
| 035 | _a(OCoLC)ocn173243857 | ||
| 035 | _a(OCoLC)173243857 | ||
| 040 |
_aDLC _beng _erda _cDLC _dBAKER _dC#P _dYDXCP _dDLC _dEG-ScBUE |
||
| 082 | 0 | 4 |
_a621.310420288 _bSTA _222 |
| 100 | 1 |
_aStallcup, James G., _eauthor. |
|
| 245 | 1 | 0 |
_aStallcup's electrical equipment maintenance simplified / _cJames G. Stallcup, Sr. with James W. Stallcup, Jr. |
| 246 | 3 | 0 | _aElectrical equipment maintenance simplified |
| 264 | 1 |
_aSudbury, Massachusetts : _bJones and Bartlett Publishers, _c[2008] |
|
| 264 | 4 | _cc2008 | |
| 300 |
_a1 volume (various pagings) : _billustrations ; _c28 cm |
||
| 336 |
_2rdacontent _atext _btxt |
||
| 337 |
_2rdamedia _aunmediated _bn |
||
| 338 |
_2rdacarrier _avolume _bnc |
||
| 500 | _aIncludes appendices. | ||
| 500 | _a"Based on 2006 ed. of NFPA 70B : recommended practice for electrical equipment maintenance"--P. 4 of cover. | ||
| 504 | _aIncludes bibliographical references and index. | ||
| 650 | 7 |
_aElectric apparatus and appliances _xMaintenance and repair. _2BUEsh |
|
| 653 |
_bGGEN _cSeptember2020 |
||
| 655 |
_vReading book _934232 |
||
| 700 | 1 |
_aStallcup, James W., _eauthor. |
|
| 710 | 2 |
_aNational Fire Protection Association. _tNFPA 70B. |
|
| 856 | 4 | 1 |
_3Table of contents only _uhttp://www.loc.gov/catdir/toc/ecip0727/2007038535.html |
| 906 |
_a7 _bcbc _corignew _d1 _eecip _f20 _gy-gencatlg |
||
| 942 |
_2ddc _cBB |
||